Nyawa di hujung pedang (Record no. 159922)

MARC details
000 -LEADER
fixed length control field 00644nam a2200241 i 4500
001 - CONTROL NUMBER
control field C2-0216262
003 - CONTROL NUMBER IDENTIFIER
control field PPAK
005 - DATE AND TIME OF LATEST TRANSACTION
control field 20180728104925.0
008 - FIXED-LENGTH DATA ELEMENTS--GENERAL INFORMATION
fixed length control field 990516s1957 my |||| ||||| | may d
040 ## - CATALOGING SOURCE
Original cataloging agency PPAK
Language of cataloging eng
Transcribing agency PPAK
Description conventions rda
082 04 - DEWEY DECIMAL CLASSIFICATION NUMBER
Classification number 899.23
Edition number 23
090 00 - LOCALLY ASSIGNED LC-TYPE CALL NUMBER (OCLC); LOCAL CALL NUMBER (RLIN)
Classification number (OCLC) (R) ; Classification number, CALL (RLIN) (NR) 899.23
Feature heading AHM
Feature heading KSA
Classification number (OCLC) (R) ; Classification number, CALL (RLIN) (NR) 899.23
Feature heading AHM
Feature heading KSI
100 0# - MAIN ENTRY--PERSONAL NAME
Personal name Ahmad Murad,
Relator term author
245 10 - TITLE STATEMENT
Title Nyawa di hujung pedang
264 #1 - PRODUCTION, PUBLICATION, DISTRIBUTION, MANUFACTURE, AND COPYRIGHT NOTICE
Place of production, publication, distribution, manufacture Kuala Lumpur :
Name of producer, publisher, distributor, manufacturer Khee Meng Press ,
Date of production, publication, distribution, manufacture, or copyright notice 1957 ; 1963
300 ## - PHYSICAL DESCRIPTION
Extent 99 pages ;
Dimensions 17 cm
336 ## - CONTENT TYPE
Source rdacontent
Content type term text
337 ## - MEDIA TYPE
Source rdamedia
Media type term unmediated
338 ## - CARRIER TYPE
Source rdacarrier
Carrier type term volume
650 10 - SUBJECT ADDED ENTRY--TOPICAL TERM
Topical term or geographic name entry element Malay fiction
942 ## - ADDED ENTRY ELEMENTS (KOHA)
-- dc
Koha item type Book
Holdings
Withdrawn Not for loan Current library Shelving location Date acquired Full call number Barcode Date last seen Koha item type
  Not For Loan Perpustakaan Alor Setar Koleksi S.N. Shahnon Ahmad 16/05/1999 KSA 899.23 AHM A00201602 01/06/2018 Book
  Not For Loan Perpustakaan Alor Setar Koleksi Salleh Ibrahim 16/11/2000 KSI 899.23 AHM A00210880 01/06/2018 Book
  Not For Loan Perpustakaan Alor Setar Koleksi Salleh Ibrahim 04/08/2002 KSI 899.23 AHM A00211653 01/06/2018 Book